000 00636nam a22002177a 4500
003 UA-OsUOA
001 88917
007 ta
008 20121022b un ||||| |||| 00| 0 ukr d
090 _a908:94(477.81)
_bІ-99
942 _cBK
040 _aUA-OsUOA
_bukr
_cUA-OsUOA
_dUA-OsUOA
245 _aІсторія та легенди сіл Рівненського району
_cупор. М. Бендюк
300 _a260 с.
955 _a2
041 _aukr
080 _a908:94(477.81)
260 _aОстрог
_bНаУОА
_c2012
650 7 _a9 Географія. Біографії. Історія
_2UDC
999 _c375155
_d375155